| 000 | 01077nam a22002417a 4500 | ||
|---|---|---|---|
| 003 | OSt | ||
| 005 | 20250912182756.0 | ||
| 008 | 240213b ||||| |||| 00| 0 eng d | ||
| 040 | _c0 | ||
| 082 | _aDPer 621.381 In821 April 2022 v. 37 n. 4 | ||
| 100 |
_aLyu, Huijie. _eauthor. _952229 |
||
| 245 |
_aAn improve hybrid DC circuit breaker with self-adaptive fault current limiting capability / _cHuijie Lyu, Jiawei He, Ye Li, Daniel Westerman Spier, Eduardo Prieto-Araujo, Oriol Gomis-Bellmunt. |
||
| 260 |
_aNew York ; _bThe Institute of Electrical and Electronics Engineers, Inc. , _cApril 2022. |
||
| 300 |
_aVolume 37, pages 4730-4741 : _billustration ; _c28 cm. |
||
| 500 | _aIEEE Transaction on Power Electronics, vol. 37, no. 4, pages 4730-4741, April 2022. | ||
| 700 |
_aLyu, Huijie. _eauthor. _952229 |
||
| 700 |
_aHe, Jiawei. _eauthor. _952230 |
||
| 700 |
_aLi, Ye. _eauthor. _952231 |
||
| 700 |
_aSpier, Daniel Westerman. _eauthor. _952232 |
||
| 700 |
_aPrieto-Araujo, Eduardo. _eauthor. _952233 |
||
| 700 |
_aGomis-Bellmunt, Oriol. _eauthor. _952234 |
||
| 942 |
_2ddc _cPER |
||
| 999 |
_c19114 _d19114 |
||